Les approximations de la vérité (Record no. 34358)

MARC details
000 -LEADER
campo de control de longitud fija 00588nam a2200181 i 4500
001 - NÚMERO DE CONTROL
campo de control 34358
003 - IDENTIFICADOR DE NÚMERO DE CONTROL
campo de control ES-MaACL
005 - FECHA Y HORA DE LA ÚLTIMA TRANSACCIÓN
campo de control 20250717090416.0
007 - CAMPO FIJO DE DESCRIPCIÓN FÍSICA--INFORMACIÓN GENERAL
campo de control de longitud fija t|
008 - DATOS DE LONGITUD FIJA--INFORMACIÓN GENERAL
campo de control de longitud fija 030204s1900 fr ||||1| fre d
100 1# - ENTRADA PRINCIPAL--NOMBRE DE PERSONA
Nombre de persona Blondel, Hervé.
9 (RLIN) 29547
245 14 - MENCIÓN DEL TÍTULO
Título Les approximations de la vérité
Resto del título : etude de philosophie positive ou expérimentale /
Mención de responsabilidad, etc. par Hervé Blondel.
260 ## - PUBLICACIÓN, DISTRIBUCIÓN, ETC.
Lugar de publicación, distribución, etc. Paris :
Nombre del editor, distribuidor, etc. Félix Alcan,
Fecha de publicación, distribución, etc. 1900 (
Lugar de fabricación/manufactura Chalon-sur-sáone :
Fabricante E. Bertrand)
300 ## - DESCRIPCIÓN FÍSICA
Extensión XII, 239 p. ;
Dimensiones 18 cm.
650 07 - PUNTO DE ACCESO ADICIONAL DE MATERIA--TÉRMINO DE MATERIA
Término de materia o nombre geográfico como elemento de entrada Positivismo
Fuente del encabezamiento o término embne
9 (RLIN) 16324
852 ## - LOCALIZACIÓN
Ubicación ES-MaACL
Número de control de estantería F-12175
Holdings
Estatus retirado Estado de pérdida Estado de daño No para préstamo Colección Biblioteca de origen Biblioteca actual Ubicación en estantería Fecha de adquisición Fuente de adquisición Total de préstamos Signatura topográfica completa Código de barras Visto por última vez Precio de reemplazo Tipo de ítem Koha
        Libros del s. XIX Biblioteca del Ateneo de Madrid Biblioteca del Ateneo de Madrid Sala Pecera Planta 2 17/01/2008     F-12175 1035835 23/02/2023 23/02/2023 Libro impreso antiguo